| 000 | 00812nas a2200265 4500 | ||
|---|---|---|---|
| 001 | BR0801668 | ||
| 003 | BR-BrBNA | ||
| 005 | 20231205111722.0 | ||
| 007 | ta | ||
| 008 | 230509b bl.|||p| |||| 00| 00por d | ||
| 040 |
_aBR-BrBNA _bpor _cBiblioteca Nacional de Agricultura |
||
| 041 | _a(Pt) | ||
| 072 | _aQ03 | ||
| 100 | 1 | _aPereira, M.A. | |
| 100 | 1 | _aNuernberg, L. | |
| 100 | 1 | _aSchulz, D. | |
| 100 | 1 | _aBatista, C.R.V. | |
| 245 | 1 | _aAção antilisterial do extrato bruto de Bacillus amyloliquefaciens em diferentes concentrações de proteína, pH e sal | |
| 650 | _aLISTERIOSE | ||
| 650 | _aOSTRA | ||
| 650 | _aALIMENTO | ||
| 773 | 0 |
_tAlimentos e Nutrição (Brazil) _xISSN 0103-4235 _g(2004), v. 15(3) p. 239-244 _wBR0801668 |
|
| 909 |
_a202311 _bLúcia _c55 _dLúcia Elande |
||
| 942 |
_2AGRIS _n0 _cANA |
||
| 999 |
_c194131 _d194131 |
||